Foods that Start with G - Statistics

General Stats
  • This quiz has been taken 164 times
  • The average score is 10 of 15
Answer Stats
Picture Answer % Correct
Grape
100%
Garlic
98%
Gingerbread
92%
Grapefruit
89%
Gingerbread House
85%
Gummy Bear
85%
Garlic Bread
79%
Goldfish
78%
Green Pepper
77%
Glazed Donut
55%
Guava
55%
Goat Cheese
30%
Gruyere
28%
Gorgonzola
27%
Green Chili
18%
No matching quizzes found
Score Distribution
Percent of People with Each Score
Percentile by Number Answered
Your Score History
You have not taken this quiz